|
|
|
|
| LEADER |
00000nam a22000007a 4500 |
| 005 |
20200306221550.0 |
| 007 |
cr|||| |||| |
| 008 |
200306s2011 co |||||s|||| 00||0 spa d |
| 020 |
|
|
|a 978-958-57021-0-3
|
| 035 |
|
|
|a 31178
|
| 040 |
|
|
|a vLex
|
| 090 |
|
|
|c 10206
|d 10206
|
| 100 |
1 |
|
|a Lp̤ez Patiǫ, Mara̕ del Pilar
|
| 245 |
1 |
0 |
|a Informe de Seguimiento a las Recomendaciones del Comit ̌contra la Tortura y otros Tratos o Penas Crueles
|h [Recurso electrn̤ico] /
|c Mara̕ del Pilar Lp̤ez Patiǫ
|
| 256 |
|
|
|a Servicio en ln̕ea
|
| 260 |
|
|
|a Bogot:̀
|b Comisin̤ Colombiana de Juristas,
|c 2011
|
| 300 |
|
|
|a 1 recurso electrn̤ico
|
| 500 |
|
|
|a Informe de Seguimiento a las Recomendaciones del Comit ̌contra la Tortura y otros Tratos o Penas Crueles, Inhumanos o Degradantes de Naciones Unidas, Colombia 2009-2010
|
| 506 |
1 |
|
|a Disponible solo en los productos indicados
|d vLex Global
|d vLex Global (Academic Edition, excluding Law Schools)
|d vLex Global (U.S. Academic Edition, Law Schools)
|d vLex Global (U.S. Academic Edition, excluding Law Schools)
|d vLex Global (Academic Edition, Law Schools)
|
| 650 |
0 |
4 |
|a Derecho Internacional
|z Colombia
|
| 740 |
0 |
|
|a vLex Libros (Servicio en ln̕ea)
|
| 856 |
4 |
0 |
|u http://vlex.com/source/informe-seguimiento-recomendaciones-comite-tortura-otros-tratos-penas-crueles-inhumanos-degradantes-naciones-unidas-colombia-2009-2010-31178
|z Acceso restringido
|
| 942 |
|
|
|c BOOK
|
| 999 |
0 |
|
|a International Law
|